000 00409nam a22001337a 4500
999 _c18271
_d18271
008 230927b ||||| |||| 00| 0 eng d
100 _aDOST-Davao
_949348
245 _a1st Nanotechnology center in Mindanao launched /
_cDOST-Davao
260 _aPhilippines :
_bSunStar,
_cAugust 24, 2023.
300 _a2 pages.
650 _aUniversity of Mindanao.
_949349
700 _aDOST-Davao.
_949348
942 _2ddc
_cPER